| 000 | 00563cam a2200205 4500 | ||
|---|---|---|---|
| 001 | D5866 | ||
| 008 | 090401t1973 xxu||||| |||| 00| 0 eng d | ||
| 035 | _a(Sirsi) u98124 | ||
| 041 | _aeng | ||
| 050 | _a692.9 | ||
| 110 |
_aInstitute of Building _92440 |
||
| 245 | _aSub-contractors; invitation to tender and adjudication of quotations | ||
| 260 |
_aAscot _bIOB _c1973 |
||
| 300 | _a10p. 30cm | ||
| 350 | _a0.45 | ||
| 490 |
_aEstimating Information Service _v7 |
||
| 710 |
_aEstimating Section. Southampton Group _92447 |
||
| 942 | _n0 | ||
| 948 | _c04/03/1997 | ||
| 999 |
_c99094 _d99094 |
||